Online katalóg knižníc regiónu Turca

Zatoč s nudou (Record no. 21611)

MARC details
000 -LEADER
fixed length control field 01921cam a2200577 a 4500
001 - CONTROL NUMBER
control field 21611
003 - CONTROL NUMBER IDENTIFIER
control field VRT
005 - DATE AND TIME OF LATEST TRANSACTION
control field 20260306140921.0
008 - FIXED-LENGTH DATA ELEMENTS--GENERAL INFORMATION
fixed length control field 240315s2011 xo a a 000 0 slo
015 ## - NATIONAL BIBLIOGRAPHY NUMBER
National bibliography number SNBA2012/04-02356
020 ## - INTERNATIONAL STANDARD BOOK NUMBER
International Standard Book Number 9788097064914
Qualifying information (viaz.)
035 ## - SYSTEM CONTROL NUMBER
System control number E47FBADF-FFAD-4B27-87CD-56FB90CF893A
035 ## - SYSTEM CONTROL NUMBER
System control number urn:nbn:sk:snk-amjxy8
035 ## - SYSTEM CONTROL NUMBER
System control number urn:nbn:sk:snk-am007zpe
039 #9 - LEVEL OF BIBLIOGRAPHIC CONTROL AND CODING DETAIL [OBSOLETE]
Level of rules in bibliographic description 202403152138
Level of effort used to assign nonsubject heading access points VLOAD
Level of effort used to assign subject headings 201511121725
Level of effort used to assign classification VLOAD
Level of effort used to assign subject headings 201507071643
Level of effort used to assign classification VLOAD
Level of effort used to assign subject headings 201208061050
Level of effort used to assign classification msnk36
040 ## - CATALOGING SOURCE
Original cataloging agency SNK
Language of cataloging slo
Transcribing agency SNK
Description conventions AACR2
041 0# - LANGUAGE CODE
Language code of text/sound track or separate title slo
044 ## - COUNTRY OF PUBLISHING/PRODUCING ENTITY CODE
MARC country code xo
ISO country code SK
072 #7 - SUBJECT CATEGORY CODE
Subject category code 0/9-053.2
Subject category code subdivision Literatúra pre deti a mládež (náučná)
Source konspekt
072 #7 - SUBJECT CATEGORY CODE
Subject category code 37
Subject category code subdivision Výchova a vzdelávanie
Source konspekt
080 ## - UNIVERSAL DECIMAL CLASSIFICATION NUMBER
Universal Decimal Classification number 316.346.32-053.2
Edition identifier 2001
080 ## - UNIVERSAL DECIMAL CLASSIFICATION NUMBER
Universal Decimal Classification number 379.8:793/796
Edition identifier 2001
080 ## - UNIVERSAL DECIMAL CLASSIFICATION NUMBER
Universal Decimal Classification number 796.2
Edition identifier 2001
080 ## - UNIVERSAL DECIMAL CLASSIFICATION NUMBER
Universal Decimal Classification number 159.955
Edition identifier 2001
080 ## - UNIVERSAL DECIMAL CLASSIFICATION NUMBER
Universal Decimal Classification number 79
Edition identifier 2001
080 ## - UNIVERSAL DECIMAL CLASSIFICATION NUMBER
Universal Decimal Classification number 379.8
Edition identifier 2001
080 ## - UNIVERSAL DECIMAL CLASSIFICATION NUMBER
Universal Decimal Classification number (0.053.2)
Edition identifier 2001
100 1# - MAIN ENTRY--PERSONAL NAME
Personal name Ďuranová-Šošková, Andrea
Relationship aut
245 10 - TITLE STATEMENT
Title Zatoč s nudou
Statement of responsibility, etc. [ilustrácie: Miroslav Kulich ; texty: Andrea Ďuranová-Šošková]
250 ## - EDITION STATEMENT
Edition statement 1. vyd.
260 ## - PUBLICATION, DISTRIBUTION, ETC.
Place of publication, distribution, etc. [Slovenský Grob]
Name of publisher, distributor, etc. MP-Studio
Date of publication, distribution, etc. 2011
300 ## - PHYSICAL DESCRIPTION
Extent 83 s.
Other physical details fareb. ilustr.
Dimensions 29 cm
500 ## - GENERAL NOTE
General note Miesto vydania uvedené podľa ISBN
650 07 - SUBJECT ADDED ENTRY--TOPICAL TERM
Topical term or geographic name entry element deti
Source of heading or term SNKPH
650 07 - SUBJECT ADDED ENTRY--TOPICAL TERM
Topical term or geographic name entry element hry
Source of heading or term SNKPH
650 07 - SUBJECT ADDED ENTRY--TOPICAL TERM
Topical term or geographic name entry element pohybové hry
Source of heading or term SNKPH
650 07 - SUBJECT ADDED ENTRY--TOPICAL TERM
Topical term or geographic name entry element rozvoj myslenia
Source of heading or term SNKPH
650 07 - SUBJECT ADDED ENTRY--TOPICAL TERM
Topical term or geographic name entry element voľný čas
Source of heading or term SNKPH
650 07 - SUBJECT ADDED ENTRY--TOPICAL TERM
Topical term or geographic name entry element Children
Source of heading or term SNKPHeng
650 07 - SUBJECT ADDED ENTRY--TOPICAL TERM
Topical term or geographic name entry element Games
Source of heading or term SNKPHeng
650 07 - SUBJECT ADDED ENTRY--TOPICAL TERM
Topical term or geographic name entry element Movement games
Source of heading or term SNKPHeng
650 07 - SUBJECT ADDED ENTRY--TOPICAL TERM
Topical term or geographic name entry element Leisure
Source of heading or term SNKPHeng
650 07 - SUBJECT ADDED ENTRY--TOPICAL TERM
Topical term or geographic name entry element Development of thought
Source of heading or term SNKPHeng
655 #7 - INDEX TERM--GENRE/FORM
Genre/form data or focus term publikácie pre deti
Source of term SNKPH
655 #7 - INDEX TERM--GENRE/FORM
Genre/form data or focus term Children's literature
Source of term SNKPHeng
700 1# - ADDED ENTRY--PERSONAL NAME
Personal name Kulich, Miroslav
Relationship ill
942 ## - ADDED ENTRY ELEMENTS (KOHA)
Source of classification or shelving scheme Dewey Decimal Classification
Koha item type Odborná literatúra pre deti
Suppress in OPAC No
949 ## - LOCAL PROCESSING INFORMATION (OCLC)
6 17A0879062
a snkSB 82706
b snk2012/6179
o 735/12
s 6100:20140925
949 ## - LOCAL PROCESSING INFORMATION (OCLC)
6 17A0879920
a snkSB 82706 D1
b snk2012/6182
o 735/12
980 ## - EQUIVALENCE OR CROSS-REFERENCE-SERIES STATEMENT--PERSONAL NAME/TITLE [LOCAL, CANADA]
Personal name 379.8:793/796
Holdings
Stav vyradenia Strata Poškodenie Spôsob nadobudnutia Domovská knižnica Aktuálna knižnica Dátum nadobudnutia Total checkouts Čiarový kód exemplára Date last seen Typ exemplára
      Dar Obecná knižnica Horná Štubňa Obecná knižnica Horná Štubňa 06.03.2026   9788097064914 06.03.2026 Odborná literatúra pre deti
Projekt je podporený Slovenskou asociáciou knižníc
Prevádzkuje Turčianska knižnica Martin 2026